| 000 | 00363nam a2200121Ia 4500 | ||
|---|---|---|---|
| 008 | 220615s9999||||xx |||||||||||||| ||und|| | ||
| 100 | _aJim Ellis (Editor) | ||
| 245 | 0 | _aWater Rites: Reimagining Water in the West | |
| 546 | _aEnglish[eng] | ||
| 650 | _aWater||Western Canada||Environment | ||
| 856 | _uhttps://press.ucalgary.ca/books/9781552389973 | ||
| 942 | _cEB | ||
| 999 |
_c16943 _d16943 |
||